Dictionary of the Bible (Record no. 65)

MARC details
000 -LEADER
fixed length control field 00745nam a2200253 a 4500
020 ## - INTERNATIONAL STANDARD BOOK NUMBER
ISBN
082 00 - DEWEY DECIMAL CLASSIFICATION NUMBER
Classification number 220.3
Author Cutter HAS2
100 ## - MAIN ENTRY--AUTHOR NAME
Author name Hastings, James
245 ## - TITLE STATEMENT
Title Dictionary of the Bible
260 ## - PUBLICATION, DISTRIBUTION, ETC. (IMPRINT)
Place of publication Edinburgh
Name of publisher T & t Clark
Year of publication 1903
300 ## - PHYSICAL DESCRIPTION
Number of Pages 864p
500 ## - GENERAL NOTE
General note includes index and biblioraphy
505 2# - FORMATTED CONTENTS NOTE
Formatted contents note Abbreviations
505 2# - FORMATTED CONTENTS NOTE
Formatted contents note Abbreviations00
650 ## - SUBJECT ADDED ENTRY--TOPICAL TERM
Topical Term Dictionary-Bible
942 ## - ADDED ENTRY ELEMENTS (KOHA)
Koha item type Books
700 1# -
-- Hastings, James
Holdings
Home library Current library Date acquired Cost, normal purchase price Full call number Accession Number Koha item type
Henry Martyn Institute Library Henry Martyn Institute Library   100.00 220.3 HAS2 54 Archive Book
Henry Martyn Institute Library Henry Martyn Institute Library   100.00 220.3 HAS2 55 Archive Book
Henry Martyn Institute Library Henry Martyn Institute Library   100.00 220.3 HAS2 56 Archive Book
Henry Martyn Institute Library Henry Martyn Institute Library   100.00 220.3 HAS2 57 Archive Book
Henry Martyn Institute Library Henry Martyn Institute Library   100.00 220.3 HAS2 58 Archive Book
                   Copyright © 2026 | Henry Martyn Institute | Hyderabad | TS-500052 | INDIA | Implemented by hmi.edu.in
Hit-Count:

Powered by Koha